logo

Bir Sreshtho Munshi Abdur Rouf Library
Jhenaidah Cadet College

geometry : (Record no. 8988)

MARC details
000 -LEADER
fixed length control field 00844cam a2200289Ia 4500
001 - CONTROL NUMBER
JCCL Control Number 8988
003 - CONTROL NUMBER IDENTIFIER
JCCL marc code BD-JhCC
005 - DATE AND TIME OF LATEST TRANSACTION
control field 20180716181227.0
008 - FIXED-LENGTH DATA ELEMENTS--GENERAL INFORMATION
fixed length control field 090622s2008 nyua sb 001 0 eng d
029 1# - (OCLC)
OCLC library identifier NZ1
System control number 13101987
035 ## - SYSTEM CONTROL NUMBER
system control number (BD-JhCC)8988
040 ## - CATALOGING SOURCE
Original cataloging agency GW5XE
Transcribing agency GW5XE
Modifying agency BD-JhCC
041 0# - LANGUAGE CODE
Language code of Book eng
050 14 - LIBRARY OF CONGRESS CALL NUMBER
Classification number QA453
Item number .A1313 2008
082 04 - DEWEY DECIMAL CLASSIFICATION NUMBER
Classification number 516.22
DDC Edition number 22
Author mark and Year BRO 1962
100 1# - MAIN ENTRY--PERSONAL NAME
Personal name Brown, Kenneth E.
245 10 - TITLE STATEMENT
Title geometry :
Remainder of title Plane and solid /
Statement of responsibility, etc Kenneth E. Brown and Gaylord C. Montgonery
260 ## - PUBLICATION, DISTRIBUTION, ETC. (IMPRINT)
Place of publication, distribution, etc New Jersey :
Name of publisher, distributor, etc Laidlaw Brothers,
Date of publication, distribution, etc 1962.
300 ## - PHYSICAL DESCRIPTION
Pagination 576 p. :
Other physical details ill. ;
Dimensions 24 cm.
504 ## - BIBLIOGRAPHY, ETC. NOTE
Bibliography, etc Includes bibliographical references and index.
650 #0 - SUBJECT ADDED ENTRY--TOPICAL TERM
Topical term or geographic name as entry element Geometry, Plane.
650 #0 - SUBJECT ADDED ENTRY--TOPICAL TERM
Topical term or geographic name as entry element Geometry, Solid.
655 #7 -
Genre/form data or focus term Electronic books.
Source of term local
700 ## - ADDED ENTRY--PERSONAL NAME
Personal name Montgonery, Gaylord C.
942 ## - ADDED ENTRY ELEMENTS (KOHA)
Source of classification or shelving scheme Dewey Decimal Classification
Koha item type Books
Holdings
Source of classification or shelving scheme Damaged status Not for loan Home library Current library Shelving location Total Checkouts Full call number Barcode Date last seen Copy number Koha item type
Dewey Decimal Classification     JCC Rouf Library JCC Rouf Library General Stacks   516.22 BRO 1962 11068 03/06/2018 C - 1 Books

JCC Library | Contacts | JCC Home

Last Update on 23 September 2017
Copyright @ 2017-2020 JCC Rouf Library
Rouf Library, Jhenidah Cadet College (JCC), Bangladesh